000 00673nam a2200133Ia 4500
008 220615s9999||||xx |||||||||||||| ||und||
022 _a16648714
100 _aJonathan W Schooler||Simon Grondin||James M Broadway||Claire M Zedelius
245 4 _aThe long and short of mental time travel - self-projection over time-scales large and small
546 _aEnglish[eng]
650 _aepisodic memory||Time Perception||Consciousness||working memory||Attention||mind wandering||prospection||mental time travel
856 _uhttp://journal.frontiersin.org/researchtopic/2182/the-long-and-short-of-mental-time-travel---self-projection-over-time-scales-large-and-small
942 _cEB
999 _c8432
_d8432